000 00737nam a2200253Ia 4500
003 OSt
005 20220925171259.0
006 a|||||r|||| 00| 0
007 ta
008 220923b |||||||| |||| 00| 0 eng d
020 _a3540559582
037 _cGeneral Book
040 _aRTL
_cRTL
_beng
041 _2eng
_aeng
082 _aX9(D6,9B: (B), N3
100 _aBlazewicz J and others
_9239019
245 0 _aScheduling in computer and manufacturin systems
260 _aBerlin
_bSpringer-Verlag
_c1993
300 _aix, 311p
_ccm.
500 _aBibliography chapterwise
650 _aMechanical
_9239020
942 _hX9(D6,9B: (B), N3
_cGB
_2CC
999 _c482166
_d482166